| 000 | 00395nam a2200157 i 4500 | ||
|---|---|---|---|
| 001 | bg | ||
| 100 | 1 | _aGRUDZIEŃ, Józef | |
| 245 | 0 |
_aKatolicyzm w procesie modernizacji / _cJózef Grudzień. |
|
| 260 |
_a[Warszawa] : _bKsiążka i Wiedza, _c1978. |
||
| 300 | _as. 320, nlb. 4. | ||
| 040 | _cBPK | ||
| 041 | _apol | ||
| 080 | _a282 | ||
| 942 | _cKS | ||
| 008 | s pl f |000 0 pol | ||
| 999 |
_c9613 _d9613 |
||
| 856 |
_uhttp://koha.tu.koszalin.pl/cgi-bin/koha/opac-detail.pl?biblionumber=9613 _yKatalog online BPK |
||